000 00831nam a22002417a 4500
001 716
005 20230703144414.0
008 230703b cb ||||| |||| 00| 0 eng d
020 _a9780531227794
040 _aFISKH
_beng
_cFISKH
_dFISKH
050 _aQH437.T396
082 _a572.8
100 _aTaylor-Bulter, Christine
245 _aGenetics /
_bRecent studies have found tiny genetic differences between identical twins
260 _aNew York :
_bScholastic ,
_c2017.
300 _a48 pages :
_bcolor illustrations,
_c22 cm.
490 _3A true book
505 _aX
520 _a"Learn all about the history of genetics research, from how scientists began studying genes to how their discoveries affect our lives today."
521 _a900
_bLexile
521 _aX
_bRaz-Plus
942 _2ddc
_cBK
_n0
999 _c716
_d716